Tratado de Libre Comercio entre Centroamérica, Estados Unidos y República Dominicana /
Se presentan los acuerdos que han sido acordados por el gobierno de Costa Rica, República Dominicana, El Salvador, Guatemala, Honduras, Nicaragua y Estados Unidos de América en cuanto a lo referente al TLC, donde se contemplan los siguientes temas: trato nacional y acceso de mercancías al mercado, r...
Sparad:
| Institutionell upphovsman: | |
|---|---|
| Materialtyp: | Text |
| Språk: | Spanish |
| Publicerad: |
s.e
s.f
|
| Ämnen: | |
| Taggar: |
Lägg till en tagg
Inga taggar, Lägg till första taggen!
|
MARC
| LEADER | 00000 a a2200000 04500 | ||
|---|---|---|---|
| 001 | 34471 | ||
| 003 | CRAI/IIS | ||
| 005 | 20211216115818.0 | ||
| 008 | 210521b cr ||||| |||| 00| 0 spa d | ||
| 020 | |a [sin ISBN] | ||
| 040 | |a Centro de Recursos para el Aprendizaje y la Investigación |b Español |c CRAI/IIS | ||
| 090 | |a 09.05.08 T776t | ||
| 110 | |a Por Costa Rica | ||
| 245 | |a Tratado de Libre Comercio entre Centroamérica, Estados Unidos y República Dominicana / |c Costa Rica | ||
| 260 | |a s.e |c s.f | ||
| 300 | |a 124 p. | ||
| 500 | |a Colección Centroamérica | ||
| 520 | |a Se presentan los acuerdos que han sido acordados por el gobierno de Costa Rica, República Dominicana, El Salvador, Guatemala, Honduras, Nicaragua y Estados Unidos de América en cuanto a lo referente al TLC, donde se contemplan los siguientes temas: trato nacional y acceso de mercancías al mercado, reglas de origen y procedimientos de origen, administración aduanera y facilitación del comercio, defensa comercial, contratación pública, inversión, comercio transfronterizo de servicios, servicios financieros, telecomunicaciones, comercio electrónico, derechos de propiedad intelectual, laboral, ambiental, transparencia, administración del tratado y creación de capacidades relacionadas con el comercio, solución de controversias y excepciones | ||
| 650 | |a TLC |0 TESAUROS | ||
| 650 | |a CENTROAMERICA |0 TESAUROS | ||
| 650 | |a ESTADOS UNIDOS |0 TESAUROS | ||
| 650 | |a REPUBLICA DOMINICANA |0 TESAUROS | ||
| 852 | 1 | 1 | |a 09.05.08 T776t |
| 942 | |2 ddc |c LI |h 09.05.08 T776t |k 09.05.08 |m T776t |6 090508_T776T | ||
| 999 | |c 8827 |d 8827 | ||
